Kipo and the Age of Wonderbeasts: Character Quiz - Statistics

General Stats
  • This quiz has been taken 360 times
  • The average score is 11 of 33
Answer Stats
Hint Answer % Correct
Purple jaguar cinnamon bun Kipo
98%
Scariest of the kids Wolf / Wolfatha Christie the Fourth
94%
Immortal bug Dave
92%
Likes old music cassette tapes Benson
91%
Blue pig Mandu
73%
Benson's boyfriend Troy
60%
Our favorite Mod Frog Jamack
58%
Basically female hitler Dr. Emilia
52%
Kipo's mom Song
52%
Kipo's "brother" (cue tears) Hugo/ Scarlamangne
48%
Kipo's dad Lio
41%
Leader of the Timbercats Yumyan Hammerpaw
33%
Kipo's canon confirmed significant other Asher
31%
Asher's sister Dahlia
27%
Leaders of the Newton Wolves Good and Bad Billions
27%
Henchwoman of Emilia Greta
23%
Orange mold baby that haunts our dreams Fun Gus
22%
Henchman of Emilia Zane
20%
Scary water man who turns out to be useful Tad Mullholland
16%
Leader of the Umlaut Snakes Cotton
15%
Ratland owner 1 (male) Brad
14%
Above's dancing daughter Doag
14%
Ratland owner 2 (female) Amy
13%
Leader of the Burrow People Hoag
13%
Goats with cheese Chevre Sisters
10%
Brother of above Liam
9%
Leader of the Fitness Raccoons Label
8%
Second in command of above Molly Yarnchopper
8%
Leader of the TheaOtters Puck
6%
Leader of K-Pop Narwhals Hyun-Soo
3%
Leader of the Mod Frogs Mrs. Sartori
3%
Leader of the Humming Bombers Easy
2%
Shrimp who owns a dinner Cappuchino
1%
No matching quizzes found
Score Distribution
Percent of People with Each Score
Percentile by Number Answered
Your Score History
You have not taken this quiz